Central Library OPAC University of Rajshahi

Physique and delinquency / (Record no. 4707)

MARC details
000 -LEADER
fixed length control field 01234cam a2200337 4500
001 - CONTROL NUMBER
control field 4707
003 - CONTROL NUMBER IDENTIFIER
rucl marc code BD-RjUL
005 - DATE AND TIME OF LATEST TRANSACTION
control field 20211208233936.0
008 - FIXED-LENGTH DATA ELEMENTS--GENERAL INFORMATION
fixed length control field 131223s19651956n 001 0 eng u
035 ## - SYSTEM CONTROL NUMBER
System control number (OCoLC)ocm01227695
System control number (BD-RjUL)4742
System control number (NNC)2079644
040 ## - CATALOGING SOURCE
Transcribing agency YBM
Modifying agency OCL
-- NLM
-- ZCU
Original cataloging agency BD-RjUL
Language of cataloging eng
041 ## - LANGUAGE CODE
Language code of text/sound track or separate title eng
060 0# - NATIONAL LIBRARY OF MEDICINE CALL NUMBER
Classification number HV 9069
Item number G567p 1956
082 04 - DEWEY DECIMAL CLASSIFICATION NUMBER
Edition number 23
Classification number 364.24
Author mark and year GLP 1965
099 ## - LOCAL FREE-TEXT CALL NUMBER (OCLC)
Bangla Class number 339.54
-- G5225
100 10 - MAIN ENTRY--PERSONAL NAME
Personal name Glueck, Sheldon
Dates associated with a name 1896-1980.
9 (RLIN) 14841
245 10 - TITLE STATEMENT
Title Physique and delinquency /
Statement of responsibility, etc. by Sheldon and Eleanor Glueck.
260 ## - PUBLICATION, DISTRIBUTION, ETC. (IMPRINT)
Place of publication, distribution, etc. New York :
Name of publisher, distributor, etc. Kraus Reprint Co.,
Date of publication, distribution, etc. 1965.
300 ## - PHYSICAL DESCRIPTION
Pagination xviii, 339 p. :
Illustrations ill. ;
Size 24 cm.
500 ## - GENERAL NOTE
General note "The first in a series of monographs growing out of a comprehensive research into persistent juvenile delinquency, encompassed in Unraveling juvenile delinquency (published in 1950)"
General note Originally published in 1956.
504 ## - BIBLIOGRAPHY, ETC. NOTE
Bibliography, etc Includes bibliographical references and index.
650 #0 - SUBJECT ADDED ENTRY--TOPICAL TERM
Topical term or geographic name as entry element Juvenile delinquency.
9 (RLIN) 771
Topical term or geographic name as entry element Anthropometry.
9 (RLIN) 14842
Topical term or geographic name as entry element Body Constitution.
9 (RLIN) 14843
Topical term or geographic name as entry element Juvenile Delinquency.
9 (RLIN) 771
700 1# - ADDED ENTRY--PERSONAL NAME
Personal name Glueck, Eleanor Touroff,
Dates associated with a name 1898-1972,
Relator term author.
942 ## - ADDED ENTRY ELEMENTS (KOHA)
Source of classification or shelving scheme Dewey Decimal Classification
Koha item type Books
Holdings
Lost status Source of classification or shelving scheme Damaged status Not for loan Collection code Permanent Location Current Location Shelving location Date acquired Source of acquisition Total Checkouts Full call number Date last seen Copy number Koha item type
  Dewey Decimal Classification     Non-fiction Central Library, University of Rajshahi Central Library, University of Rajshahi     Zitlinger   364.24 GLP 1965 23/12/2013 C-2 Books
  Dewey Decimal Classification     Non-fiction Central Library, University of Rajshahi Central Library, University of Rajshahi   24/08/1968 Zeitlinger   364.24 GLP 1965 22/08/2016 C-3 Books
  Dewey Decimal Classification   Not For Loan Non-fiction Central Library, University of Rajshahi Central Library, University of Rajshahi Reading Room 24/08/1968 Zeitlinger   364.24 GLP 1956 28/12/2016 C-1 Books